000 00696nam a2200289Ia 4500
005 20260324150432.0
008 008 260324s9999 xx 000 0 eng d
020 _a9781003407867
037 _aEBOOK
040 _aCRL
040 _beng
040 _cCRL
041 _2eng
041 _aeng
084 _qCRL
100 _aJ. A. Cross; R. K. Alderman
_91226407
245 4 _aThe Tactics of Resignation
245 2 _bA Study in British Cabinet Government
260 _bTaylor and Francis
260 _c1967
365 _a
365 _b140
856 _uhttp://www.taylorfrancis.com/books/9781003407867
942 _cEBOOK
999 _c1835846
_d1835846